Guinea Pig - Quiz - Statistics

General Stats
  • This quiz has been taken 260 times
  • The average score is 6 of 16
Answer Stats
Hint Answer % Correct
Guinea pigs originate in this continent South America
93%
Guinea-pig's big cousin and the biggest rodent in the world Capybara
66%
Food
66%
Purposes / Reasons for domestication Pet
54%
Another english name for a guinea-pig, mainly used by Guinea pig enthusiasts Cavy
47%
Number of teeth 20
43%
Number of commonly recognized types of breeds 13
37%
2009 American family adventure movie about 4 brave guinea pigs G-Force
35%
English monarch who must have been one of the first European guinea pig owners Queen Elizabeth I
29%
First Peoples to domesticate Guinea pigs Incas
25%
American president who owned multiple guinea pigs with funny names like Bishop Doane and Fighting Bob Evans Theodore Roosevelt
18%
Guinea-pigis called in spanish Cobayo or conejillo de Indias
13%
...and in Peru it's called Cuy
13%
Latin name for guinea pig Cavia porcellus
12%
Medicine
8%
Sacrifice
5%
No matching quizzes found
Score Distribution
Percent of People with Each Score
Percentile by Number Answered
Your Score History
You have not taken this quiz